000 00466nam a2200181Ia 4500
001 21463
005 20260306172921.0
008 260306t2018||||xx |||||||||||||| ||spa||
041 _aESP
082 _a345
_bV65
100 _aVilela Carbajal, Karla
_eAUT
245 0 _aLa prescripción, caducidad y otras excepciones en la jurisprudencia
260 _c2018
300 _a703 pƔginas :
_c25 cm.
650 _aGEN
654 _aCDE
942 _cLIB
_dJUS
_fJUS
_2ddc
_n
999 _c21463
_d21463